Economics for decision making /

Bibliographic Details
Main Author: Luker, William A.
Other Authors: Martin, David A., Luker, Geneva Jo Wimberley
Format: Book
Language:English
Published: Lexington, Mass. : D.C. Heath, 1988.
Edition:Texas Teacher's annotated ed.
Subjects:

MARC

Tag First Indicator Second Indicator Subfields
LEADER 00000cam a2200000 a 4500
001 in00000024904
005 20151007055641.0
008 880829s1988 maua 00110 eng d
020 |a 0669159565 
020 |a 0669159557 (teacher's resource binder) 
035 |a (OCoLC)18420196 
035 |9 AAB8834AM 
040 |a TXA  |c TXA  |d UtOrBLW 
049 |a [Curr Col] TXAM  |d [  |v = text  |p = Suppl.]  |v [A12593765]  |p 1 [A12593901] 
050 4 |a HB171.5  |b .L795 1988b 
100 1 |a Luker, William A. 
245 1 0 |a Economics for decision making /  |c by William A. Luker, David A. Martin, Geneva Jo Wimberley Luker. 
250 |a Texas Teacher's annotated ed. 
264 1 |a Lexington, Mass. :  |b D.C. Heath,  |c 1988. 
300 |a viiiT, 128T, xiii, 321 pages :  |b illustrations (some color) ;  |c 26 cm. +  |e teacher's resource binder. 
336 |a text  |b txt  |2 rdacontent 
337 |a unmediated  |b n  |2 rdamedia 
338 |a volume  |b nc  |2 rdacarrier 
500 |a Includes index. 
650 0 |a Economics  |x Study and teaching (Secondary) 
700 1 |a Martin, David A. 
700 1 |a Luker, Geneva Jo Wimberley. 
999 |a MARS 
999 f f |s b5841700-1871-3c88-92d5-0686b61060fd  |i 421b05d1-c6c0-33c9-a8a3-55d0b9fb28e1  |t 0 
952 f f |p ric  |a Texas A&M University  |b Rellis Campus  |c Joint Library Facility  |d Remote Storage  |t 0  |e HB171.5 .L795 1988b  |h Library of Congress classification  |i unmediated -- volume  |k Teachers ed.  |m A14812593765 
998 f f |a HB171.5 .L795 1988b  |s Teachers ed.  |t 0  |l Remote Storage